000 00399nam a22001697a 4500
005 20160531154819.0
008 160531b xxu||||| |||| 00| 0 eng d
020 _a0-07-462398-2
041 _aeng
082 _b6427
100 _aSengupta, B & Guha H
_91609
245 _aConstruction Management and Planning
260 _bTMH
_c2003
300 _a488
650 _aManagement
_9241
942 _cBK
999 _c2269
_d2268